Internationales Einheitensystem - Statistiken

Allgemein
  • Dieses Quiz wurde 17.698 mal gespielt
    7.454 seit der letzten Aktualisierung
  • Das Durchschnittsergebnis liegt bei 20 aus 53
Antwortstatistiken
Abbrev. Unit or Prefix % Korrekt
k Kilo
99%
kg Kilogramm
99%
m Meter
99%
°C Grad Celsius
88%
Hz Hertz
86%
s Sekunde
83%
mol Mol
76%
W Watt
72%
J Joule
65%
Ω Ohm
65%
A Ampere
64%
V Volt
64%
m Milli
59%
n Nano
59%
d Dezi
58%
Pa Pascal
58%
K Kelvin
57%
µ Mikro
57%
N Newton
57%
M Mega
54%
G Giga
53%
c Zenti
49%
T Tera
44%
p Piko
35%
h Hekto
34%
P Peta
32%
lx Lux
29%
lm Lumen
28%
Z Zetta
27%
F Farad
25%
C Coulomb
24%
Bq Becquerel
23%
cd Candela
22%
rad Radiant
21%
f Femto
20%
Sv Sievert
19%
Y Yotta
17%
da Deka
16%
T Tesla
15%
a Atto
14%
Wb Weber
11%
E Exa
10%
S Siemens
10%
Gy Gray
8%
H Henry
8%
z Zepto
5%
kat Katal
4%
sr Steradiant
4%
y Yokto
4%
Q Quetta
3%
R Ronna
3%
q Quekto
2%
r Ronto
2%
Keine übereinstimmenden Quizze gefunden
Verteilung der Resultate
Anzahl Personen mit jedem Resultat
Perzentil nach korrekt beantworteten Fragen
Ihre Resultats-Entwicklung
Sie haben dieses Quiz seit der letzten Aktualisierung nicht gespielt